| 000 | 00656 a2200181 4500 | ||
|---|---|---|---|
| 003 | Nust | ||
| 005 | 20170207153212.0 | ||
| 040 | _cNust | ||
| 082 | _a005.1 | ||
| 100 | _aHussain, Sadia (MSCS-11) | ||
| 245 |
_aExtenuating denial -of- service attacks in mobile broadband wireless access (MBWA) networks mobile wimax _cSadia Hussain |
||
| 260 |
_bMCS,NUST _c2007 _aRawalpindi |
||
| 300 | _aviii,65, p.; | ||
| 505 | _aIntroduction (page-1) Mobile wimax-IEEE802.16E standard (page-4) Denial of service in 802.16e (page-23) Modelling and results (Page-45) Conclusion (page-60) | ||
| 538 | _aAlmirah No 73 Shelf No 2 | ||
| 650 | _a PG Thesis | ||
| 651 | _aMSCS-11 | ||
| 942 | _cTHS | ||
| 999 |
_c181423 _d181423 |
||